[Event "Wellington Club Championship - Open Swiss"]
[Site "Wellington Chess Club"]
[Date "2024.11.14"]
[Round "8.10"]
[White "Farrington, Lawrence B"]
[Black "Rippon, Joshua"]
[Result "1-0"]
[WhiteElo "1646"]
[BlackElo "1772"]

1. d4 d5 2. c4 e6 3. Nc3 Nf6 4. Bg5 Be7 5. Nf3 h6 6. Bh4 O-O 7. e3 Nbd7 8. Be2
b6 9. cxd5 Nxd5 10. Bxe7 Nxe7 11. O-O Bb7 12. Rc1 Rc8 13. Bd3 Ng6 14. Bb1 a6
15. Qd3 Qf6 16. Qe2 Rfd8 17. Ne4 Qe7 18. a3 e5 19. dxe5 Ndxe5 20. Nxe5 Qxe5 21.
Ng3 Qf6 22. f3 Rd7 23. Bf5 Re7 24. Bxc8 Bxc8 25. Rcd1 Re6 26. Qf2 Bb7 27. e4
Ne5 28. Rd2 Qf4 29. Rfd1 Nc4 30. Re2 a5 31. Rd8+ Kh7 32. Qd4 Ba6 33. Re1 Rc6
34. Nf5 Qg5 35. Rd5 Rg6 36. Ng3 Qf4 37. Qf2 Rc6 38. Nh5 1-0

[Event "Wellington Club Championship - Open Swiss"]
[Site "Wellington Chess Club"]
[Date "2024.11.14"]
[Round "8.11"]
[White "Rose, Jim"]
[Black "He, Zachary"]
[Result "1/2-1/2"]
[WhiteElo "1522"]
[BlackElo "1261"]
[WhiteFideId "4326776"]
[BlackFideId "4320905"]
[PlyCount "0"]
[EventDate "2024.09.26"]
[SourceDate ""]

1. d4 d5 2. Nf3 Nf6 3. e3 e6 4. Bd3 Bd6 5. b3 Nbd7 6. O-O O-O 7. Bb2 b6 8. Nbd2
c5 9. Ne5 Qc7 10. f4 cxd4 11. exd4 Ne8 12. Rc1 f6 13. Bxh7+ Kxh7 14. Qh5+ Kg8
15. Ng6 Kf7 16. Nxf8+ Kxf8 17. Nf3 Bxf4 18. Ne5 Nxe5 19. Rxf4 Nd3 20. Ba3+ Nc5
21. Rcf1 Ba6 22. R1f2 Kg8 23. dxc5 bxc5 24. Qh3 Kf7 1/2-1/2

[Event "Wellington Club Championship - Open Swiss"]
[Site "Wellington Chess Club"]
[Date "2024.11.14"]
[Round "8.15"]
[White "Dey, Kyle"]
[Black "Asher, Bruce"]
[Result "0-1"]
[WhiteElo "917"]
[BlackElo "1153"]
[WhiteFideId "4326369"]
[BlackFideId "0"]
[PlyCount "0"]
[EventDate "2024.09.26"]
[SourceDate ""]

1. e4 e6 2. d4 d5 3. exd5 exd5 4. Nc3 Nf6 5. Bg5 c6 6. Be2 h6 7. Bxf6 Qxf6 8.
Nf3 Bb4 9. Qd2 O-O 10. a3 Bd6 11. O-O-O Bf5 12. Bd3 Re8 13. Rhe1 Nd7 14. Rxe8+
Rxe8 15. Bxf5 Qxf5 16. Re1 Rc8 17. Qe2 Nf6 18. Nh4 Qg5+ 19. Qe3 Qxh4 20. h3 Bf4
21. g3 Bxe3+ 22. Rxe3 Qxh3 23. Ne2 Ne4 24. c3 Qf1+ 25. Kc2 Qxf2 26. Kd3 Qf5 27.
b3 Nf2+ 28. Kd2 Qb1 29. Nc1 Ne4+ 30. Kd1 Nf2+ 31. Kd2 Qb2+ 32. Ke1 Qxc1+ 33.
Ke2 Ng4 34. Rf3 Re8+ 35. Kd3 Qd1# 0-1

[Event "Wellington Club Championship - Open Swiss"]
[Site "Wellington Chess Club"]
[Date "2024.11.14"]
[Round "8.16"]
[White "Hamilton, Marcus"]
[Black "He, Jacob"]
[Result "0-1"]
[WhiteElo "1300"]
[BlackElo "1058"]

1. e4 e5 2. Nf3 d6 3. Bb5+ c6 4. Ba4 Be6 5. d3 Nd7 6. O-O Nc5 7. Nc3 Nxa4 8.
Nxa4 Be7 9. Be3 Nf6 10. Nc3 O-O 11. d4 Qc7 12. Ng5 Ng4 13. f3 Nxe3 14. Qd2 Nxf1
15. Kxf1 h6 16. Nxe6 fxe6 17. Ne2 d5 18. Kg1 exd4 19. Qxd4 e5 20. Qd2 Bc5+ 21.
Kh1 Rad8 22. Qe1 dxe4 23. fxe4 Bf2 24. Qb4 Kh8 0-1

[Event "Wellington Club Championship - Open Swiss"]
[Site "Wellington Chess Club"]
[Date "2024.11.14"]
[Round "8.17"]
[White "Hupert, Leo"]
[Black "Sethuramalingam, Niranjana"]
[Result "0-1"]
[WhiteElo "1389"]
[BlackElo "1098"]
[WhiteFideId "0"]
[BlackFideId "4326415"]
[PlyCount "0"]
[EventDate "2024.09.26"]
[SourceDate ""]

1. d4 d5 2. Bf4 Nc6 3. e3 Nf6 4. h3 Bf5 5. Bd3 Bxd3 6. Qxd3 e6 7. a3 Be7 8. Nc3
O-O 9. Nb5 Bd6 10. Nxd6 cxd6 11. Nf3 a5 12. O-O Re8 13. Rfe1 e5 14. Bg3 e4 15.
Qb3 exf3 16. Qxb7 Ne7 17. gxf3 Rb8 18. Qa6 Rxb2 19. Bxd6 Nf5 20. Be5 Nh5 21.
Qe2 Nh4 22. f4 Qc8 23. Qxh5 Qxh3 24. Qxf7+ Kxf7 25. f5 Qg2# 0-1

[Event "Wellington Club Championship - Open Swiss"]
[Site "Wellington Chess Club"]
[Date "2024.11.14"]
[Round "8.18"]
[White "Yeo, Kayden"]
[Black "List, Robert"]
[Result "1-0"]
[WhiteElo "1457"]
[BlackElo "1653"]

1. b4 b6 2. Bb2 Bb7 3. e3 Nf6 4. Nf3 e6 5. a3 c5 6. bxc5 bxc5 7. Nc3 Nc6 8. a4
a6 9. Be2 h5 10. O-O Ng4 11. Re1 Rb8 12. d4 cxd4 13. Nxd4 Nxd4 14. Qxd4 Bxg2
15. Kxg2 Qh4 16. Qf4 Rxb2 17. Rab1 e5 18. Qg3 Qxg3+ 19. hxg3 Be7 20. Rxb2 O-O
21. Bxa6 Bf6 22. Nd5 Bg5 23. Rh1 g6 24. Rb7 Rc8 25. c4 Rd8 26. a5 {This might
be supposed to be Bb5. Both scoresheets say 26.a4, despite both also saying
8.a4. 26.a5 is the closest to 26.a4, but now move 28 doesn't make sense...} 
26... Nf6 27. Nxf6+ Bxf6 28. Rxd7 Kf8 29. Rxd8+ Bxd8 30. Rd1 1-0

[Event "Wellington Club Championship - Open Swiss"]
[Site "Wellington Chess Club"]
[Date "2024.11.21"]
[Round "9.1"]
[White "Qu, Lucas"]
[Black "Saglam, Yigit"]
[Result "1/2-1/2"]
[WhiteElo "1620"]
[BlackElo "1810"]
[Annotator "Azra"]
[PlyCount "129"]
[EventDate "2024.09.26"]

1. e4 c5 2. d4 cxd4 3. c3 dxc3 4. Nxc3 Nc6 5. Bf4 e5 6. Bg3 Nf6 7. Nf3 Qa5 8.
Bd3 Bb4 9. Qd2 O-O 10. a3 d6 11. O-O Bxc3 12. bxc3 Bg4 13. Ne1 Rac8 14. f3 Be6
15. Qb2 Qc7 16. f4 Nh5 17. f5 Nxg3 18. hxg3 Bd7 19. Qe2 Nd8 20. c4 Qc5+ 21. Kh2
f6 22. Rf3 Nf7 23. g4 Bc6 24. g5 Nxg5 25. Rg3 Qd4 26. Rd1 Nxe4 27. Bxe4 Qxe4
28. Qh5 Be8 29. Qh6 Bg6 30. Qd2 Bxf5 31. Nf3 Qxc4 32. Qh6 Qf7 33. Rxd6 Rfd8 34.
Rxf6 Bg6 35. Rxf7 gxh6 36. Rxb7 Rc3 37. Rg4 Rxa3 38. Nxe5 Ra6 39. Nxg6 Rxg6 40.
Ra4 a6 41. Ra2 Ra8 42. Kh3 a5 43. Ra4 Raa6 44. g3 Rg5 45. Rc4 Ra8 46. Kh4 a4
47. Rbb4 a3 48. Ra4 Rga5 49. Rc8+ Rxc8 50. Rxa5 Rc3 51. g4 Kg7 52. Ra6 Rf3 53.
g5 hxg5+ 54. Kxg5 h6+ (54... Kf7 55. Kg4 Rb3 56. Kh5 Ke7 57. Ra7+ Kd6) 55. Kg4
Rc3 56. Kh5 Re3 57. Kg4 Kf7 58. Rxh6 Ke7 59. Kf4 Rb3 60. Ra6 Kd7 61. Ke4 Kc7
62. Kd4 Kb7 63. Kc4 Rh3 64. Rd6 a2 65. Rd1 1/2-1/2

[Event "Wellington Club Championship - Open Swiss"]
[Site "Wellington Chess Club"]
[Date "2024.11.21"]
[Round "9.2"]
[White "Lieser, Joshua"]
[Black "Kang, Eushin"]
[Result "0-1"]
[WhiteElo "1643"]
[BlackElo "1500"]
[WhiteFideId "4326385"]
[BlackFideId "0"]
[PlyCount "0"]
[EventDate "2024.09.26"]
[SourceDate ""]

1. e4 c6 2. d4 d5 3. exd5 cxd5 4. Bf4 Nc6 5. Bb5 Nf6 6. Nf3 Qa5+ 7. Nc3 Bg4 8.
O-O e6 9. a3 Be7 10. Qd3 Bxf3 11. Qxf3 O-O 12. Bxc6 bxc6 13. Rfe1 Qb6 14. Rab1
Qxd4 15. Be5 Qb6 16. Qg3 Qd8 17. Rbd1 g6 18. Ne2 Nh5 19. Qf3 Bf6 20. Bc3 Bxc3
21. Qxc3 Rc8 22. b4 Qb6 23. Qb2 c5 24. c3 cxb4 25. axb4 a5 26. Ra1 axb4 27.
cxb4 Ng7 28. b5 Nf5 29. Ra6 Qb7 30. Rea1 Rb8 31. b6 Nd6 32. Qa2 Nc4 33. Rb1 Ra8
34. Ra7 Nxb6 35. Rxb7 Rxa2 36. Nc1 Rd2 37. Nb3 Nc4 38. Nxd2 Nxd2 39. Ra1 h5 40.
f3 Nc4 41. Kf2 Kg7 42. Raa7 Kf6 43. Ra6 Rd8 44. Raa7 Nd6 45. Rd7 Rxd7 46. Rxd7
Nf5 47. h3 h4 48. Ra7 g5 49. Ke2 Kg6 50. Kd3 f6 51. Ra6 e5 52. Ra8 Ng3 53. Rg8+
Kf5 54. Ke3 Nh5 55. Ra8 Nf4 56. Kf2 d4 57. Ra3 d3 58. Ra1 Nd5 59. Ra5 Nf4 60.
Ra1 Ke6 61. Rc1 Kd5 62. Rc8 Kd4 63. Rd8+ Kc3 64. Rc8+ Kd2 65. Ra8 Kc1 66. Rc8+
Kd1 67. Ra8 d2 68. Ra6 Nd5 69. Rd6 Nc3 70. Ke3 Nb1 71. Kf2 Kc2 72. Rc6+ Nc3 73.
Rd6 d1=Q 74. Rxd1 Kxd1 75. Ke3 Ke1 76. Kd3 Kf2 77. Kxc3 Kxg2 78. Kc4 Kxf3 79.
Kd5 e4 80. Ke6 e3 81. Kxf6 Kf4 82. Kg6 0-1

[Event "Wellington Club Championship - Open Swiss"]
[Site "Wellington Chess Club"]
[Date "2024.11.21"]
[Round "9.3"]
[White "Tan, Jin"]
[Black "Brockway, Andrew"]
[Result "1-0"]
[WhiteElo "1582"]
[BlackElo "1713"]

1. e4 c6 2. d4 d5 3. exd5 cxd5 4. Nc3 Nc6 5. Bf4 a6 6. h3 Qb6 7. Nxd5 Qa5+ 8.
Nc3 Qb4 9. Qd2 Qxd4 10. Qxd4 Nxd4 11. O-O-O Ne6 12. Nd5 Bd7 13. Bc4 Nf6 14. f3
Nxd5 15. Bxd5 Nxf4 16. Bxf7+ Kxf7 17. Rxd7 Rb8 18. g3 Ne6 19. f4 Ke8 20. Rd5
Rd8 21. Re5 Nc7 22. Nf3 h6 23. Nh4 Rd6 24. Rhe1 Kd8 25. f5 Rg8 26. Ng6 Rd5 27.
Rxd5+ Nxd5 28. Rd1 Kc7 29. Rxd5 e6 30. fxe6 Bd6 31. Rd3 Re8 32. Re3 Be7 33.
Nxe7 Rxe7 34. Kd2 g5 35. g4 Kc6 36. Kd3 Kd5 37. c4+ Kd6 38. b4 b6 39. Kd4 a5
40. b5 a4 41. a3 Re8 42. e7 Kd7 43. Kd5 Kc7 44. Re6 Kd7 45. Rxb6 Rc8 46. Rb7+
Ke8 47. Ke6 h5 48. Rd7 Rc6+ 49. bxc6 1-0

[Event "Wellington Club Championship - Open Swiss"]
[Site "Wellington Chess Club"]
[Date "2024.11.21"]
[Round "9.4"]
[White "Darr, Samuel"]
[Black "Kvindt, Max"]
[Result "1-0"]
[WhiteElo "1679"]
[BlackElo "1400"]

1. e4 e6 2. d4 d5 3. e5 c5 4. c3 Nc6 5. Nf3 Bd7 6. Be2 Qb6 7. a3 Qa5 8. O-O
Nge7 9. Nbd2 Nf5 10. Nb3 Qb6 11. dxc5 Bxc5 12. Nxc5 Qxc5 13. Rb1 Qb6 14. Bd3
Nfe7 15. b4 Ng6 16. Re1 Qc7 17. Bxg6 hxg6 18. Ng5 f6 19. exf6 Qxh2+ 20. Kf1
gxf6 21. Nxe6 Qh1+ 22. Ke2 Qh5+ 23. Kd2 Kf7 24. Qxh5 Rxh5 25. Nc5 Bf5 26. Rb2
Ne5 27. Kd1 b6 28. Nb3 Nd3 29. Nd4 Nxe1 30. Kxe1 Re8+ 31. Be3 Bd7 32. Re2 Rh1+
33. Kd2 Ra1 34. Nc2 Ra2 35. Kc1 Ba4 36. Kb1 Rxc2 37. Rxc2 Bxc2+ 38. Kxc2 Re7
39. Kd3 Ke6 40. Kd4 Rc7 41. a4 Kd6 42. Bf4+ Kc6 43. Bxc7 Kxc7 44. Kxd5 Kd7 45.
c4 a6 46. f4 g5 47. f5 g4 48. g3 a5 49. b5 Ke7 50. Kc6 Kd8 1-0

[Event "Wellington Club Championship - Open Swiss"]
[Site "Wellington Chess Club"]
[Date "2024.11.21"]
[Round "9.5"]
[White "Bohme, Alex"]
[Black "Joseph, Joji Chacko"]
[Result "0-1"]
[WhiteElo "1477"]
[BlackElo "1584"]

1. e4 c5 2. Nf3 Nc6 3. d4 cxd4 4. Nxd4 g6 5. Be3 Bg7 6. Nxc6 bxc6 7. c3 Nf6 8.
Nd2 O-O 9. Bd3 d5 10. h3 dxe4 11. Nxe4 Nd5 12. Bg5 f6 13. Bh4 Rb8 14. Qc2 Qb6
15. Rb1 Nf4 16. Bg3 Nxd3+ 17. Qxd3 Ba6 18. Qc2 Rbd8 19. c4 f5 20. Nd2 Bh6 21.
Nf3 Qb4+ 22. Qc3 Qxc3+ 23. bxc3 Bxc4 24. Ne5 Bd2+ 25. Kd1 Bxc3+ 26. Kc1 Bxe5
27. Bxe5 Bxa2 28. Rb2 Bd5 29. f4 Be4 30. Rb3 Rd5 31. Rb7 Rb5 32. Rxe7 Rb1+ 33.
Kd2 Rd8+ 0-1

[Event "Wellington Club Championship - Open Swiss"]
[Site "Wellington Chess Club"]
[Date "2024.11.21"]
[Round "9.6"]
[White "Ashe, Michael"]
[Black "Farrington, Lawrence B"]
[Result "1-0"]
[WhiteElo "1591"]
[BlackElo "1646"]

1. d4 Nf6 2. c4 e6 3. Nc3 Bb4 4. f3 c5 5. d5 exd5 6. cxd5 d6 7. e4 Nh5 8. Be3
O-O 9. a3 Bxc3+ 10. bxc3 h6 11. Bd3 Nd7 12. Nh3 Ne5 13. Nf2 Qh4 14. O-O Qf6 15.
Ng4 Qe7 16. Nxe5 dxe5 17. c4 Nf6 18. a4 b6 19. a5 Bb7 20. Qb3 Qd6 21. Rfb1 Nd7
22. Qc2 Rfb8 23. Qd2 g5 24. h4 f6 25. hxg5 hxg5 26. Kf2 Kg7 27. Rh1 Rh8 28. g4
Rxh1 29. Rxh1 Rh8 30. Rxh8 Kxh8 31. axb6 axb6 32. Qc1 Kg7 33. Qa1 Qb8 34. Qa4
Nf8 35. Qb5 Qd8 36. Bxc5 Nd7 37. Be3 Kg6 38. c5 Nxc5 39. Bxc5 bxc5 40. Qxb7 Qa5
41. Qb5 Qd2+ 42. Be2 Qd4+ 43. Kf1 Qa1+ 44. Kg2 Qd4 45. Qd3 Kf7 46. Qxd4 cxd4
47. Kf2 Ke7 48. Ke1 Kd6 49. Kd2 Kc5 50. Kc2 Kd6 51. Kb3 Kc5 52. Bd3 Kd6 53. Kb4
Kd7 54. Kc5 Kc7 55. Bb5 Kd8 56. Kd6 1-0

[Event "Wellington Club Championship - Open Swiss"]
[Site "Wellington Chess Club"]
[Date "2024.11.21"]
[Round "9.7"]
[White "Pickering, Dean"]
[Black "Wilkins, Mark"]
[Result "0-1"]
[WhiteElo "1274"]
[BlackElo "1906"]
[WhiteFideId "0"]
[BlackFideId "4302389"]
[PlyCount "0"]
[EventDate "2024.09.26"]
[SourceDate ""]

1. e4 c6 2. Nf3 d5 3. Nc3 Nf6 4. exd5 Nxd5 5. Nxd5 Qxd5 6. d4 Bg4 7. Be2 e6 8.
O-O Bd6 9. c4 Qa5 10. c5 Be7 11. b4 Qc7 12. Re1 Nd7 13. Qd3 Rd8 14. Be3 Bxf3
15. Bxf3 Ne5 16. Bf4 Nxd3 17. Bxc7 Rd7 18. Red1 Nxf2 19. Kxf2 Rxc7 20. a4 O-O
21. b5 Rd8 22. Ke3 Bf6 23. Rd3 e5 24. Rad1 exd4+ 25. Kf4 cxb5 26. axb5 Rxc5 0-1

[Event "Wellington Club Championship - Open Swiss"]
[Site "Wellington Chess Club"]
[Date "2024.11.21"]
[Round "9.8"]
[White "Kumar, Raghava"]
[Black "Dhamodharam, Aadhav"]
[Result "1-0"]
[WhiteElo "1500"]
[BlackElo "1477"]

1. d4 d5 2. f4 Bf5 3. e3 c5 4. Bd3 Bxd3 5. Qxd3 e6 6. dxc5 Nc6 7. a3 Qa5+ 8.
Bd2 Qxc5 9. Nf3 Nf6 10. Nc3 Be7 11. e4 Ng4 12. Rf1 O-O-O 13. h3 Nf6 14. e5 Nh5
15. b3 d4 16. Ne4 Qd5 17. g4 f5 18. Neg5 Ng3 19. Rg1 Ne4 20. Nf7 Nc5 21. Qf1 d3
22. b4 Nd4 23. Nxd4 Qe4+ 24. Kd1 Qxd4 25. c3 Qe4 26. g5 Nb3 27. Ra2 Nc1 28. Rb2
Ne2 29. Nxd8 Rxd8 30. Rg2 a5 31. Rxe2 dxe2+ 32. Qxe2 Qc2+ {The one scoresheet I
have clearly states 32...Qxc2. Possibly more likely is 32...Qxe2 33.Kxe2 Rxd2
34.Rxd2, but even that doesn't really make sense.} 33. Rxc2 Rxd2+ 34. Qxd2 1-0

[Event "Wellington Club Championship - Open Swiss"]
[Site "Wellington Chess Club"]
[Date "2024.11.21"]
[Round "9.9"]
[White "He, Zachary"]
[Black "Page, Archer"]
[Result "1/2-1/2"]
[WhiteElo "1261"]
[BlackElo "1600"]
[WhiteFideId "4320905"]
[BlackFideId "0"]
[PlyCount "0"]
[EventDate "2024.09.26"]
[SourceDate ""]

{Archer: My Round 9 followed a similar pattern to Round 8. I came out of a
somewhat unsound opening with a pawn and positional advantage, but Blundered a
piece. After a tight middle game, where I ran my opponent down on the clock
down a piece, a blunder from my opponent allowed me to seize a perpetual check,
and we agreed to a draw (But, It turns out I was actually winning!)} 1. e4 Nf6
2. e5 Nd5 3. d4 d6 4. Nf3 { This is considered a slightly unusual move order,
c4 is usually played first. I could tell my opponent was out of theory by this
point, due to his time usage. } 4... dxe5 5. dxe5 $5 { It is almost always
correct to take back with the knight here. But, this move took me out of my
theory! }  (5. Nxe5 c6 6. Be2 Bf5 7. O-O Nd7 8. Nf3 e6) 5... Bg4 $1 6. Bc4 $5
e6 $1 { Bc4 In this variation is unusual, Much stronger is Be2. Computer gives
me a slight advantage and so far my opening has gone well. } 7. O-O Nc6 8. Re1
$5 { A reasonable move, and the move I expected. Computer suggests this to be
slightly inaccurate, and prefers: }  (8. Bb5 $1 Qd7 9. h3 Bxf3 10. Qxf3 a6 11.
Bxc6 Qxc6 $10) 8... Be7 $5 { This is reasonable, although I had a better move
to seize a sizable advantage. }  (8... Ndb4 $1 { With the threat of Bxf3 and
Nxc2 to follow. } 9. Nbd2 Bxf3 10. Nxf3 Qxd1 11. Rxd1 Nxc2 12. Rb1 $17 { I am
up a pawn } ) 9. Bb5 { Bb5 is played now, but a move too late. }  (9. Nbd2 $1 {
To prevent Nbd4 is best } ) 9... Qd7 $1 10. c4 $6 { Inaccuracy. h3 was best.  
I had considered this when playing Qd7, But at worst I had Nb6 in response so I
thought I was slightly better. However, this is worse than I initially thought.
}  (10. h3 Bh5 11. Nc3 O-O-O 12. g4 Bg6 13. Nd4 Ndb4 $15) 10... Bxf3 $4 {
Blunder. Ndb4 was best.   This is a classic case of miscalculation! I thought I
would win a pawn after this, but instead the other candidate move I was
thinking about is correct. }  (10... Ndb4 $1 11. Qxd7+ Kxd7 12. Nd4 Rhd8 13.
Nc3 Kc8 14. Bxc6 Rxd4 15. Be4 Bf5 16. b3 Nd3 17. Bxd3 Rxd3) 11. Bxc6 $4 {
Blunder. Qxf3 was best.   Fortunately, my opponent misses it aswell! }  (11.
Qxf3 Ndb4 12. Rd1 $1 Qc8 13. a3 $1 O-O 14. axb4 $18) 11... Qxc6 12. cxd5 $6 {
Inaccuracy. Qxf3 was best.   This is inaccurate, as my Bishop is worth more
than my Knight is. Perhaps he missed my bishop recapturing }  (12. Qxf3 Qxc4
13. Nc3 Nxc3 14. bxc3 $17) 12... Bxd5 13. Qg4 Rg8 $6 { Inaccuracy. h5 was best.
Qg4 is a tricky move, I couldn't castle or else I'd lose. I played the calm
Rg8, but I should have played h5 or O-O-O, as the pawn couldn't have been
captured anyway. }  (13... h5 14. Qh3 Qc2 15. Nc3 Bc6 16. Rb1 O-O-O 17. Be3 $17
)  (13... O-O $4 14. Bh6 $1 g6 15. Bxf8 Kxf8 $16) 14. Nc3 Bb4 $4 { Blunder. Qc4
was best.   This is a fine move!... if you ignore both Nxd5, and Qxb4, which I
missed both of. I just didn't realize his Queen could capture the Bishop if I
did, I would have like played O-O-O instead. }  (14... Qc4 $1 { Is best,
avoiding losing the bishop. } 15. Qxc4 Bxc4) 15. Qxb4 { I think this is the
second best move, with Nxd5 being better. }  (15. Nxd5 $3 Bxe1 16. Nf6+ $1 Ke7
17. Nxg8+ Rxg8 $18) 15... Bxg2 16. Qb5 $6 { Mistake. Bg5 was best.  
Unfortunately, not everyone is as fearless as the computer is. I think Qb5 is
perfectly reasonable, consolidating compared to what the computer suggests. } 
(16. Bg5 $1 f6 17. Rac1 a5 18. Qb3 fxg5 19. Nb5 $1 Bd5 20. Qa4 Qb6 21. Rxc7 Kd8
22. Rec1 $18) 16... O-O-O 17. Qxc6 Bxc6 18. Be3 a6 $5 { I think this is
slightly inaccurate from me, as the pawn was uncapturable anyway. }  (18... h6
{ Instead gives me better chances after } 19. Rad1 f5 20. Rxd8+ Kxd8 { Over
alternatives. } ) 19. Rad1 f5 $5 { I decided to fight with my pawns! Although
the computer suggests I should avoid the rook trade first... } 20. Bg5 $6 {
Inaccuracy. Rxd8+ was best.   This bishop will prove to do more harm than good
in White's position. }  (20. Rxd8+ Rxd8 21. h4 Bf3 22. Kh2 Rd3 23. Rg1 g6 $18) 
20... Rdf8 21. Rd3 Rf7 $5 { Here I decided that I should try and trap the
bishop with f4, so all my next few moves are based on that idea. }  (21... h6
$1 { Objectively was best, after } 22. Bc1 g5 23. Red1 f4 $16 { Perhaps I have
some chances. } ) 22. Red1 Bd7 23. Rg3 Bc6 24. Rgd3 $6 { Inaccuracy. Rd4 was
best.   Slight inaccuracy, as my opponent fails to find a way through. The
computer prefers playing Rd4 and f4, then marching the king up. }  (24. Rd4
Rgf8 25. f4 b6 26. Bh4 a5 27. Kf2 Kb7 28. Ke3 $16) 24... Bd7 25. b3 Rgf8 $6 {
Inaccuracy. h6 was best.   Again objectively I should have played ...h6 over
Rgf8, but I was intent on playing f4 to trap the bishop. }  (25... h6 $1 26.
Bc1 g5 27. a4 Bc6 28. b4 b6 29. a5 b5 $16) 26. a4 c5 $6 { Inaccuracy. h6 was
best.   Alright, now I'm really going all in for f4, with this move. This only
thing this move achieves is preventing Rd4. }  (26... h6 $1 27. Bc1 g5 28. b4
b6 29. a5 b5 $18) 27. Be3 b6 28. Rd6 $1 { This annoying rook infiltration is a
key development in White's position, now I really regret not playing h6. } 
28... f4 29. Bc1 Kc7 30. Ba3 Bc6 31. b4 $6 { Inaccuracy, I don't know what
happened but I think he missed my pawn was hanging?! }  (31. Rxe6 Re8 32. Rxe8
Bxe8 33. Rd6 Bc6 34. Nd5+ $18) 31... cxb4 32. Bxb4 Re8 33. a5 b5 $6 {
Inaccuracy, I was afraid of not responding to the potential axb6+, because I
saw issues after Kxb6. It turns out however, Kb7 instead and I am surviving
longer. }  (33... Rf5 $1 { Is the best move, practically speaking. } 34. axb6+
Kb7 35. Rxc6 $1 { Black has to find this Exchange Sacrifice in order to keep
the advantage. }  (35. Re1 $6 Rg5+ 36. Kf1 { And Black has many ways to cause
some potential problems } 36... Bg2+ (36... a5 { Is a potential alternative } 
37. Ba3 f3 $16 { And things look a little scary for White } ) 37. Ke2 Rxe5+ 38.
Kd2 Rxe1 39. Kxe1 $16) 35... Kxc6 36. Rd6+ Kb7 $18) 34. Bc5 $6 { Inaccuracy.
Rc1 was best.   The plan behind this move is quite simple: Bb6+, however, that
alone is not substantive enough to dissuade me from counter-attacking with Rf5!
}  (34. Rc1 Kb7 35. Ne2 $1 $18 { And after Nd4 the rooks get in } ) 34... Rf5
$1 35. Re1 $4 { Blunder. Bb6+ was best.   Short on time, as I had been
gradually gaining a time advantage on him as I now had 30 minutes to his 10
minutes, he guards the pawn with Re1??, and I get the chance I'm waiting for! }
(35. Bb6+ Kb7 36. Bd4 Rg5+ 37. Kf1 Rh5 $18) 35... Rg5+ $1 36. Kf1 Bg2+ $1 37.
Kg1 { 1/2-1/2, Draw Agreed. I was tired, and didn't see the winning move before
agreeing to the draw, as only Bd4+ wins. } 1/2-1/2

[Event "Wellington Club Championship - Open Swiss"]
[Site "Wellington Chess Club"]
[Date "2024.11.21"]
[Round "9.11"]
[White "Osborne, Geoff"]
[Black "Hao, John"]
[Result "1-0"]
[WhiteElo "1517"]
[BlackElo "1045"]
[PlyCount "59"]
[EventDate "2024.09.26"]

1. e4 c5 2. c3 d5 3. exd5 Qxd5 4. d4 Nc6 5. Nf3 e6 6. Be2 Nf6 7. O-O Be7 8. Na3
O-O 9. Nc4 b6 10. Nce5 Nxe5 11. Nxe5 Nd7 12. Bf3 Qd6 13. Nxd7 Bxd7 14. Bxa8
Rxa8 15. Re1 Bc6 16. Qg4 Qd5 17. Re5 Qd7 18. Be3 Rd8 19. Rh5 Kh8 20. f3 g6 21.
Rh3 h5 22. Qf4 cxd4 23. Bxd4+ Kg8 24. Qh6 f6 25. Qxg6+ Kf8 26. Qxh5 Qe8 27.
Qh8+ Kf7 28. Rh7+ Kg6 29. Qg7+ Kf5 30. Qg4# 1-0

[Event "Wellington Club Championship - Open Swiss"]
[Site "Wellington Chess Club"]
[Date "2024.11.21"]
[Round "9.12"]
[White "Asher, Bruce"]
[Black "Rippon, Joshua"]
[Result "0-1"]
[WhiteElo "1153"]
[BlackElo "1772"]
[PlyCount "70"]
[EventDate "2024.09.26"]

1. c4 e5 2. Nc3 Bc5 3. e3 Nc6 4. Nf3 d6 5. g3 Bg4 6. Be2 Nf6 7. Qc2 Qd7 8. Nh4
g5 9. Nf3 Nb4 10. Qb1 h6 11. a3 Nc6 12. b4 Bb6 13. a4 a6 14. b5 Ne7 15. Bb2 Qe6
16. Ne4 Bf5 17. d3 Nxe4 18. dxe4 Ba5+ 19. Nd2 Bxd2+ 20. Kxd2 Bg6 21. Qc1 Bxe4
22. f3 Bg6 23. f4 f6 24. Bf3 e4 25. Bg2 Rg8 26. Qf1 f5 27. Qc1 Bf7 28. Bf1 gxf4
29. gxf4 Bh5 30. Bd4 Bf3 31. Bh3 Bxh1 32. Qxh1 Qxc4 33. Qd1 Qd3+ 34. Kc1 Qxd1+
35. Kxd1 Rg1+ 0-1